Statistics for Elizabeth Olsen Filmography

Click here to take the quiz!

General Stats

  • This quiz has been taken 96 times
    (9 since last reset)
  • The average score is 18 of 41

Answer Stats

TypeYearName% Correct
Film2015Avengers: Age of Ultron
88%
Film2019Avengers: Endgame
88%
Film2018Avengers: Infinity War
88%
Film2016Captain America: Civil War
88%
Film2014Godzilla
88%
Film2022Doctor Strange in the Multiverse of Madness
75%
Web Mini-Series2021WandaVision
75%
Film2014Captain America: The Winter Soldier
63%
Film2013Oldboy
63%
Web Series2023What If...?
63%
Film2017Wind River
63%
Film2017Ingrid Goes West
50%
Film2017Kodachrome
50%
Web Mini-Series2023Love & Death
50%
Film2011Martha Marcy May Marlene
50%
TV Show2022Saturday Night Live
50%
Film2011Silent House
50%
TV Show1995Full House
38%
Web Series2017HarmonQuest
38%
Film2013In Secret
38%
Film2015I Saw the Light
38%
Film2013Kill Your Darlings
38%
Film2012Liberal Arts
38%
FilmTBALove Child
38%
Film2012Red Lights
38%
Web Series2018-2019Sorry for Your Loss
38%
Film2013Very Good Girls
38%
TV Show2016Drunk History
25%
Theater2008-2009Dust
25%
Commercial2018H&M
25%
Film2023His Three Daughters
25%
TV Film1994How the West Was Fun
25%
Documentary Series2023MPower
25%
Film2011Peace, Love & Misunderstanding
25%
Theater2013Romeo & Juliet
25%
Web Series2017Back-to-Back Chef
13%
Documentary Series2004Biography
13%
Web Series2015CollegeHumor Originals
13%
Commercial2021Hyundai Tucson
13%
Theater2009Impressionism
13%
TV Special1993The Olsen Twins Mother's Day Special
13%

Score Distribution

Percentile by Number Answered

Percent of People with Each Score

Your Score History

You have not taken this quiz since the last reset